Синтетические сверхтвердые материалы. Производство и применение: библиографический указатель отечественной и иностранной литературы за 1974 год .Вып. 1

Dettagli Bibliografici
Ente Autore: Академия наук Украинской ССР (АН УССР) Институт сверхтвердых материалов (ИСМ)
Altri autori: Колева М. И. (составитель), Ивенсен Н. М. (редактор), Гонтарь Г. М., Вишневский А. С., Захаренко И. П.
Riassunto:Исключено из фонда НТБ ТПУ
Lingua:russo
Pubblicazione: Киев, 1975
Natura: MixedMaterials Libro
KOHA link:https://koha.lib.tpu.ru/cgi-bin/koha/opac-detail.pl?biblionumber=104328

MARC

LEADER 00000nam0a2200000 4500
001 104328
005 20231031113943.0
035 |a (RuTPU)RU\TPU\book\112461 
090 |a 104328 
100 |a 20061031d1975 km y0rusy50 ca 
101 0 |a rus 
102 |a UA 
105 |a y a 001zy 
200 1 |a Синтетические сверхтвердые материалы. Производство и применение  |e библиографический указатель отечественной и иностранной литературы за 1974 год .Вып. 1  |f АН УССР, Ордена Трудового Красного Знамени Институт сверхтвердых материалов; сост. М. И. Колева, Н. М. Ивенсен, Г. М. Гонтарь; под ред. А. С. Вишневского, И. П. Захаренко 
210 |a Киев  |d 1975 
215 |a 98 с. 
333 |a Исключено из фонда НТБ ТПУ 
702 1 |a Колева  |b М. И.  |4 220 
702 1 |a Ивенсен  |b Н. М.  |4 220 
702 1 |a Гонтарь  |b Г. М.  |4 220 
702 1 |a Вишневский  |b А. С.  |4 340 
702 1 |a Захаренко  |b И. П.  |4 340 
712 0 2 |a Академия наук Украинской ССР (АН УССР)  |b Институт сверхтвердых материалов (ИСМ)  |c (Киев) 
801 1 |a RU  |b 63413507  |c 20061031  |g PSBO 
801 2 |a RU  |b 63413507  |c 20210115  |g PSBO 
942 |c BK